Entry Nombre personal
001 - NÚMERO DE CONTROL
- campo de control: 242234
003 - IDENTIFICADOR DE NÚMERO DE CONTROL
- campo de control: SpMaBN
005 - FECHA Y HORA DE LA ÚLTIMA TRANSACCIÓN
- campo de control: 20250909230028.0
008 - ELEMENTOS DE DATO DE LONGITUD-FIJA
- campo de control de longitud fija: 901120n aijnnaabn a aaa
016 ## - NÚMERO DE CONTROL DE UNA AGENCIA BIBLIOGRÁFICA NACIONAL
- Número de control del registro: BNE19900284666
024 7# - IDENTIFICADOR DE OTROS ESTÁNDARES
- Número estándar o código: http://viaf.org/viaf/117471777/
- Fuente: viaf
024 7# - IDENTIFICADOR DE OTROS ESTÁNDARES
- Número estándar o código: https://isni.org/isni/0000000084141054
- Fuente: isni
024 7# - IDENTIFICADOR DE OTROS ESTÁNDARES
- Número estándar o código: http://www.wikidata.org/entity/Q318488
- Fuente: wikidata
040 ## - FUENTE DE CATALOGACIÓN
- Centro catalogador/agencia de origen: SpMaBN
- Lengua de catalogación: spa
- Centro/agencia transcriptor: SpMaBN
- Normas de descripción: rdc
- Convención/Normas de encabezamiento de materia/tesauro: embne
046 ## - FECHAS CON CODIFICACIÓN ESPECIAL
- Fecha de nacimiento: 1921
- Fecha de la muerte: 2009
100 1# - ENCABEZAMIENTO-NOMBRE DE PERSONA
- Nombre de persona: Paz, Abel,
- Fechas asociadas al nombre: 1921-2009
370 ## - LUGAR ASOCIADO
- Lugar de nacimiento: Almería, España
- Fuente de información: (Wikidata)
- Número de control del registro de autoridad o número normalizado: XX450574
374 ## - OCUPACIÓN
- Ocupación: Historiadores
- Ocupación: Escritores
- Fuente de información: Wikidata
375 ## - GÉNERO/SEXO
- Género: Masculino
- Fuente de información: Wikidata
377 ## - IDIOMA ASOCIADO
- Término de lengua/lenguaje: Español
- Término de lengua/lenguaje: Catalán
400 1# - TRAZADO DE VÉASE--NOMBRE DE PERSONA
- Nombre de persona: Camacho, Diego
- Fechas asociadas al nombre: 1921-2009
400 1# - TRAZADO DE VÉASE--NOMBRE DE PERSONA
- Nombre de persona: Camacho Escámez, Diego
- Fechas asociadas al nombre: 1921-2009
670 ## - FUENTE DE DATOS ENCONTRADOS
- Cita de la fuente: Al pie del muro, 1991
- Información encontrada: port. (Abel Paz) cop. (Diego Camacho)
670 ## - FUENTE DE DATOS ENCONTRADOS
- Cita de la fuente: Libros españoles en venta, 1991
- Información encontrada: (Camacho, Diego (Abel Paz))
670 ## - FUENTE DE DATOS ENCONTRADOS
- Cita de la fuente: CNT, 1939-1951, 2001
- Información encontrada: port. (Abel Paz) solapa (n. 1921, en Almeria)
670 ## - FUENTE DE DATOS ENCONTRADOS
- Cita de la fuente: WWW Necropoli, 28-10-2009
- Información encontrada: (Camacho Escamez, Diego; usó el seudónimo Abel Paz; n. 1921, Almería - m. 2009, Barcelona. Escritor, historiador y luchador anarcosindicalista)
